000 00334nam a2200133Ia 4500
008 240624s9999 xx 000 0 und d
041 _aeng
082 _a200 OSH
100 _aOSHO
245 _aKRISHNA THE MAN AND HIS PHILOSOPHY
260 _c2006
_aMumbai
_bJaico Publishing House
300 _a699 : p. : cm. ; 21
365 _cRS
_b20
999 _c4453
_d4453